| 000 | 00833nam a22002177a 4500 | ||
|---|---|---|---|
| 005 | 20110204105540.0 | ||
| 010 | _aB-422626 | ||
| 020 |
_a9780141015712 _c899.00 |
||
| 035 | _aB-422626 | ||
| 037 | _bUBH | ||
| 082 | _a520 | ||
| 245 |
_aOn the shoulders of giants : _bthe great works of physics and astronomy / _cedited, with commentary, by Stephen Hawking. |
||
| 260 |
_aIndia _bPenguin Books India _c2003 |
||
| 300 |
_axiii,1264p. : _bill., ports. _c24 cm.(pbk) |
||
| 650 |
_aAstronomy _927462 |
||
| 650 |
_aPhysics _927463 |
||
| 700 |
_aHawking, S. W. _q(Stephen W.) _925725 |
||
| 942 |
_2ddc _cEN _h520 _mONT |
||
| 999 |
_c50313 _d50313 |
||